000 01459cam a2200241 i 4500
020 _a9781936113804 (hardback)
020 _a1936113805 (hardback)
020 _a9781936113811 (paper)
020 _a1936113813 (paper)
040 _cDLC
082 0 0 _a571 INT 1991 C161 Or.
245 1 0 _aAntibodies :
_ba laboratory manual /
250 _aSecond edition.
300 _axxi, 847 pages :
_billustrations ;
_c29 cm
520 _a"The focus of Antibodies: A Laboratory Manual, 2nd Edition, will be unchanged from the original edition by Ed Harlow and David Lane and will cover both the production and use of antibodies in a way that is accessible to the nonimmunologist. The emphasis will be on contemporary, essential antibody-based methods that are tried, true, necessary, and useful to a broad population of life scientists. The manual will provide up-to-date protocols that work reproducibly, along with explanations as to how and why methods work and how to choose between alternative approaches. Methods that have become research staples since the manual was originally published will be included at the same level of detail and organization as the existing topics"--
650 0 _aImmunoglobulins
650 0 _aImmunochemistry
650 7 _aSCIENCE / Biotechnology.
650 7 _aSCIENCE / Life Sciences / Biochemistry.
650 7 _aSCIENCE / Life Sciences / Biology / Molecular Biology.
700 1 _aGreenfield, Edward A.,
942 _cAEDBB
999 _c19104
_d19104